Statystyki dla Skład Juventusu z 1995/1996

Kliknij tutaj aby rozwiązać quiz!

Ogólne statystyki

  • Ten quiz został rozwiązany 14 razy
  • Średni wynik to 6 z 28

Statystyki odpowiedzi

PozycjaOdpowiedź% Poprawnych
CFAlessandro Del Piero
100%
GKAngelo Peruzzi
50%
SGianluca Vialli
50%
CMPaulo Sousa
50%
CMAntonio Conte
43%
SFabrizio Ravanelli
36%
ŚOCiro Ferrara
29%
CDMDidier Deschamps
29%
CDMAlessio Tacchinardi
14%
RMAngelo Di Livio
14%
PNAttilio Lombardo
14%
LOGianluca Pessotto
14%
GKMichelangelo Rampulla
14%
SMichele Padovano
14%
POMoreno Torricelli
14%
GKNicola Visentin
14%
ŚOPietro Vierchowod
14%
LMVladimir Jugović
14%
PODario Baccin
7%
CMGiancarlo Marocchi
7%
RMIvano Trotta
7%
LOJuan Pablo Sorín
7%
CDMLuca Fusi
7%
CAMLuigi Giandomenico
7%
ŚOMassimo Carrera
7%
POSergio Porrini
7%
ŚOSimone Loria
7%
STommaso Rocchi
7%

Rozkład punktacji

Percentyl według liczby udzielonych odpowiedzi

Procent ludzi z każdym wynikiem

Twoja historia wyników

Nie rozwiązałeś tego quizu